Ezoterika : (Record no. 9075)
| 000 -BAŞLIK | |
|---|---|
| Sabit Uzunluktaki Kontrol Alanı | 03743nam a22004217a 4500 |
| 001 - KONTROL NUMARASI | |
| Control Dosyası | 0009103 |
| 003 - KONTROL NUMARASI KİMLİĞİ | |
| Kontrol Alanı | KOHA_MİRAKIL |
| 005 - EN SON İŞLEM TARİHİ ve ZAMANI | |
| Kontrol Alanı | 20260207001658.0 |
| 007 - FİZİKSEL TANIM SABİT ALAN - GENEL BİLGİ | |
| Sabit uzunluklu kontrol alanı | ta |
| 008 - SABİT UZUNLUKTAKİ VERİ ÖGELERİ - GENEL BİLGİ | |
| Sabit Alan | 091015b2003 tu |||gr||||#||||0|tur | |
| 020 ## - ISBN - ULUSLARARASI STANDART KİTAP NUMARASI | |
| Isbn | 9753627041 |
| 040 ## - KATALOGLAMA KAYNAĞI | |
| Özgün Kataloglama Kurumu | TR-BiSEU |
| Kataloglama Dili | tur |
| Çeviri Kurumu | TR-BiSEU |
| Açıklama Kuralları | rda |
| 041 0# - DİL KODU | |
| Metin ya da ses kaydının dil kodu | tur |
| 044 ## - YAYINLAYAN/ÜRETEN KURULUŞUN ÜLKE KODU | |
| ISO country code | tu |
| 050 ## - SINIFLAMA ve YER NUMARASI | |
| Sınıflama Numarası | HS125 |
| Yer Numarası | .V38 2003 |
| 100 1# - KİŞİ ADI | |
| Yazar Adı (Kişi adı) | Vatandaş, Aydoğan. |
| 245 1# - ESER ADI BİLDİRİMİ | |
| Başlık | Ezoterika : |
| Alt Eseradı vb. | gizli cemiyetler/ |
| Sorumluluk Bildirimi | Aydoğan Vatandaş ; Aydoğan Vatandaş. |
| 264 #1 - ÜRERİM, YAYIN, DAĞITIM ve TELİF BİLDİRİMİ | |
| Yayın yeri | İstanbul : |
| Yayınlayan | Timaş Yayınları |
| Yayın tarihi | 2003 |
| 300 ## - FİZİKSEL TANIMLAMA | |
| Sayfa, Cilt vb. | 380 sayfa: resimli |
| 336 ## - İÇERİK TÜRÜ | |
| Content type term | metin |
| Content type code | txt |
| Source | rdacontent |
| 337 ## - MEDYA TÜRÜ | |
| Media type term | aracısız |
| Media type code | n |
| Source | rdamedia |
| 338 ## - TAŞIYICI TÜRÜ | |
| Carrier type term | cilt |
| Carrier type code | nc |
| Source | rdacarrier |
| 490 1# - DİZİ BİLDİRİMİ | |
| Dizi Bildirimi | Timaş Yayınları ; |
| Cilt Numarası | 792. |
| 490 1# - DİZİ BİLDİRİMİ | |
| Dizi Bildirimi | Yaşadığımız dünya dizisi ; |
| Cilt Numarası | 27. |
| 500 ## - GENEL NOT | |
| Genel Not | Kaynakça var. |
| 505 ## - İÇİNDEKİLER NOTU | |
| İçindekiler Notu | Gizli Cemiyetlerin "giz"i aralanıyor... |
| 650 #0 - KONU BAŞLIĞI EK GİRİŞ - KONU TERİMİ | |
| Konusal terim veya coğrafi ad | Ezoterik astroloji. |
| 9 (RLIN) | 22686 |
| 650 #0 - KONU BAŞLIĞI EK GİRİŞ - KONU TERİMİ | |
| Konusal terim veya coğrafi ad | Gizli Kurumlar. |
| 9 (RLIN) | 22687 |
| 650 #0 - KONU BAŞLIĞI EK GİRİŞ - KONU TERİMİ | |
| Konusal terim veya coğrafi ad | Horoskoplar. |
| 9 (RLIN) | 22688 |
| 650 #0 - KONU BAŞLIĞI EK GİRİŞ - KONU TERİMİ | |
| Konusal terim veya coğrafi ad | Masonluk. |
| 9 (RLIN) | 22689 |
| 650 #0 - KONU BAŞLIĞI EK GİRİŞ - KONU TERİMİ | |
| Konusal terim veya coğrafi ad | Horoscopes. |
| 9 (RLIN) | 22690 |
| 650 #0 - KONU BAŞLIĞI EK GİRİŞ - KONU TERİMİ | |
| Konusal terim veya coğrafi ad | Esoteric astrology. |
| 9 (RLIN) | 22691 |
| 650 #0 - KONU BAŞLIĞI EK GİRİŞ - KONU TERİMİ | |
| Konusal terim veya coğrafi ad | Secret societies. |
| 9 (RLIN) | 12436 |
| 650 #0 - KONU BAŞLIĞI EK GİRİŞ - KONU TERİMİ | |
| Konusal terim veya coğrafi ad | Freemasonry. |
| 9 (RLIN) | 22692 |
| 830 1# - SERİ EK GİRİŞİ - TEKBİÇİM ESER ADI | |
| Tekbiçim Başlık | Timaş Yayınları ; |
| Volume number/sequential designation | 792. |
| 9 (RLIN) | 9767 |
| 830 1# - SERİ EK GİRİŞİ - TEKBİÇİM ESER ADI | |
| Tekbiçim Başlık | Yaşadığımız dünya dizisi ; |
| Volume number/sequential designation | 27. |
| 9 (RLIN) | 8662 |
| 942 ## - EK GİRİŞ ÖGELERİ (KOHA) | |
| Source of classification or shelving scheme | Library of Congress Classification |
| Koha item type | Book |
| 505 ## - İÇİNDEKİLER NOTU | |
| -- | Her kitabı olay olan, önce yasaklanan ve sonra serbest bırakılan Armagedon'un yazarı Aydoğan Vatandaş'tan yine çok tartışılacak bir kitap: Ezoterika/ Gizli Cemiyetler.Türkiye/İsrail gizli savaşına ilişkin belgelerle ve Gölcük depreminin sismik deneylerle ilişkisinin olabileceğine dair iddiaları ve ortaya sürdüğü kanıtlarla tartışmalar uyandıran araştırmacı-gazeteci ydoğan Vatandaş yine ses getirecek bir çalışmaya imza attı. |
| -- | Dünya tarihinin aynı zamanda Gizli Örgütlerin tarihi olduğu söylenir. İşin doğrusu. bu tür örgütlerin yer altı tünellerinde büyülü ayinler düzenleyen bir avuç insandan. her yıl dünyanın kaderini masaya yatıran büyük finansör ve devlet adamlarının kaymak tabakasına kadar geniş bir yelpazeye yayıldığıdır. Fakat onlar hakkında objektif bilgiler bulmak pek de kolay değildir. Araştırmacıların çoğu ya seçtiği bir grubun zararsız hayırsever bir kulüp olduğunu tespit etmeye. ya da aynı grubun şimdiye kadar gerçekleştirilen her kanlı devrimden ya da iğrenç komplolardan sorumlu olduklarını tespit etmeye gayret gösterirler. Bu iddialarla ilgili en sağlıklı bilgiye ulaşmak için yapılacak en doğru şey; Gizli Örgütlerin izlerinin antik çağlara kadar götürülebileceğine ilişkin kanıtlar bulmaktır. |
| -- | Aydoğan Vatandaş Ezoterika'da bu düşünceden hareketle. bugünün gizli/gizemli örgütleri arasında bulunan/bulunabilecek olan belli bazı özellikleri deşifre etmeyi hedefliyor. Bunu takiben tarihi kayıtlarda güvenilir bilgileri mevcut olan çeşitli tarihi grup ve cemiyetlerdeki bu özelliklerin göstergelerinin izlerini sürüyor. |
| -- | Tarihin gizli cemiyetlerin fısıltılarıyla. eski uygarlıkların yasak bilgilerini koruyan rahiplerin sözleriyle dolu olduğunu ifade eden Aydoğan Vatandaş. uygarlıkların geleceğini yönlendiren. karanlık sırların zehirli kadehinden içen gizli cemiyetler dün olduğu gibi bugün de dünyayı yönetme iddiasında olduklarını söylüyor. |
| -- | Ezoterika'da yazar; gizli cemiyetlerin esrarengiz dünyasına bir yolculuğa çıkarıyor okuyucusunu. Yetişkin insanların düzenli olarak gittikleri masonik toplantılarda sadece komik elbiseler/üniformalar giyip. mum taşımak ve el ele tutuşmak için bir araya gelmediklerine dikkat çekiyor. |
| -- | Yazarın daha önce yayınevimizden; Armagedon, Apokalipse ve Haarp isimli kitapları yayınlandı |
| Materyal Türü | Kalıcı Konum | Mevcut Konum | Raf Yeri | Sınıflandırma Kaynağı | Edinim Bilgisi | Ana Konular | Alt Konular | Yer Numarası | Demirbaş Numarası | Fatura Tarihi | Maliyet, Alış Fiyatı | Maliyet, Yenileme Fiyatı | Geri Çekilme Durumu | Kayıp Durumu | Hasarlı Durumu | Kredi için değil | Kayıt Tarih | Toplam Ödünçverme | Son Görülme Tarihi | Son Kontrol Tarihi | Genel / Bağış Notu |
|---|---|---|---|---|---|---|---|---|---|---|---|---|---|---|---|---|---|---|---|---|---|
| Book | Prof. Dr. Azmi Özcan Kütüphanesi | Prof. Dr. Azmi Özcan Kütüphanesi | Uluğbey Salonu | Library of Congress Classification | Bağış | SOSYAL BİLİMLER | Cemiyetler: Gizli, Yardımsever vb. | HS125 .V38 2003 | 0009103 | 13/08/2010 | 10.00 | 10.00 | 15/10/2009 | 8 | 05/12/2024 | 05/12/2024 | Mehmet Alpargu, Akademisyen |
